Lokálna spotreba a marketingové nástroje na jej podporu bakalárska práca

Saved in:
Bibliographic Details
Main Author: Zboja, Juraj
Corporate Author: Obchodná fakulta EU. Katedra marketingu
Other Authors: Ďuricová, Tatiana
Format: Book
Language:Slovak
Published: Bratislava 2020
Tags: Add Tag
No Tags, Be the first to tag this record!

MARC

LEADER 00000nbm a2200000 4500
001 0266615
005 20201006101744.8
041 0 |a slo 
044 |a SK 
245 1 0 |a Lokálna spotreba a marketingové nástroje na jej podporu  |b bakalárska práca  |c Juraj Zboja ; školiteľ: Tatiana Ďuricová 
264 1 |a Bratislava  |c 2020 
300 |a 45 s. 
100 1 |a Zboja, Juraj 
700 1 |a Ďuricová, Tatiana 
710 2 |a Obchodná fakulta EU. Katedra marketingu